| 000 | 00393nam a2200133Ia 4500 | ||
|---|---|---|---|
| 008 | 211109s9999||||xx |||||||||||||| ||und|| | ||
| 082 |
_a894.8123 _bMUK-A |
||
| 100 | _aMukundan, M | ||
| 245 | 0 | _aAdhithyanum Radhayum Mattu Chilarum | |
| 260 |
_bD c Books _aKottayam _c1993 |
||
| 630 | _xGENERAL STACK | ||
| 650 |
_aLiterature _vMalayalam Literature _xMalayalam NovelStoryMalayalam |
||
| 942 | _cBOOK | ||
| 999 |
_c47725 _d47725 |
||